000 02923cam a2200613 i 4500
001 xx004853788
003 NUKAT
005 20260429122036.0
008 200505s2020 pl |001 0 pol c
020 _a9788380988354
_q(oprawa twarda) :
_czł 45,00
035 _a(OCoLC)1413755658
035 _a(NUKAT)xx004853788
040 _aKR 253/MH
_bpol
_erda
_cKR 253/MH
_dKAT U/MBs
_dPOZN U/EMs
_dWA 14/ABs
_dOLSZT 008/bak
045 2 _bd1944
_bd1967
046 _k2020
100 1 _aNoszczak, Bartłomiej
_d(1976- ).
_eAutor
_917512
245 1 0 _aAntymilenium :
_bkonflikt państwa z Kościołem na tle obchodów tysiąclecia chrztu Polski (1956-1966/1967) /
_cBartłomiej Noszczak ; Instytut Pamięci Narodowej. Komisja Ścigania Zbrodni przeciwko Narodowi Polskiemu.
246 3 0 _aKonflikt państwa z Kościołem na tle obchodów tysiąclecia chrztu Polski (1956-1966/1967)
260 _aWarszawa :
_bInstytut Pamięci Narodowej. Komisja Ścigania Zbrodni przeciwko Narodowi Polskiemu,
_c2020.
300 _a504 strony ;
_c25 cm.
336 _aTekst
_btxt
_2rdacontent
337 _aBez urządzenia pośredniczącego
_bn
_2rdamedia
338 _aWolumin
_bnc
_2rdacarrier
380 _aKsiążki
380 _aPublikacje naukowe
388 1 _a2001-
490 1 _aMonografie ;
_vt. 150
490 1 _aCentralny Projekt Badawczy IPN Władze Komunistyczne wobec Kościołów i Związków Wyznaniowych w Polsce 1944-1989
504 _aBibliografia na stronach 479-492. Indeks.
610 2 7 _aKościół katolicki
_2DBN
_937102
648 7 _a1901-2000
_2DBN
_934996
648 7 _a1939-1945
_2DBN
_936042
648 7 _a1945-1989
_2DBN
_936043
650 7 _aKonflikt społeczny
_2DBN
_937511
650 7 _aKościół a państwo
_2DBN
_935883
650 7 _aPolityka wyznaniowa
_2DBN
_937432
650 7 _aPRL
_2DBN
_935084
650 7 _aPrześladowania religijne
_2DBN
_937420
650 7 _aTysiąclecie chrztu Polski (1966)
_2DBN
_940151
650 7 _aTysiąclecie Państwa Polskiego (1960-1966)
_2DBN
_940862
650 7 _aKościół i państwo
_zPolska
_y1945-1970.
_2kaba
_939657
650 7 _aTysiąclecie chrztu Polski (966-1966).
_2kaba
_940863
650 7 _aKościół i państwo
_xKościół katolicki
_y1945-1970.
_2kaba
_939658
650 7 _aOrędzie biskupów polskich do biskupów niemieckich (1965).
_2kaba
_940864
651 7 _aPolska
_2DBN
_935076
655 7 _aMonografia
_2DBN
_935240
658 _aHistoria
658 _aReligia i duchowość
710 2 _aInstytut Pamięci Narodowej - Komisja Ścigania Zbrodni przeciwko Narodowi Polskiemu.
_eInstytucja sprawcza
_eWydawca
_4pbl
_911792
830 0 _aMonografie - Instytut Pamięci Narodowej - Komisja Ścigania Zbrodni przeciwko Narodowi Polskiemu
_vt. 150
_911794
830 0 _aWładze Komunistyczne wobec Kościołów i Związków Wyznaniowych w Polsce 1944-1989
_918363
920 _a978-83-8098-835-4 (oprawa twarda) : zł 45,00
942 _2ddc
_cBK_NM
999 _c27864
_d27864